| 000 | 00780cam a22002295a 4500 | ||
|---|---|---|---|
| 003 | OSt | ||
| 005 | 20201124141844.0 | ||
| 008 | 110814s1986 iq frb 000 0 ara d | ||
| 040 |
_aEG-ScBUE _bara _dEG-ScBUE |
||
| 082 | 0 | 4 |
_a190 _bا ح م _222 |
| 100 | 1 |
_aاحمد، قيس هادى. _926677 |
|
| 245 | 1 | 0 |
_aنظرية العلم عند فرانسيس بيكن / _cقيس هادى احمد |
| 250 | _aط 2. | ||
| 260 |
_aالعراق : _bدار الشؤون الثقافية،. _c1986. |
||
| 300 |
_a335 ص، _c24سم. |
||
| 504 | _aيشتمل على ارجاعات ببليوجرافية. | ||
| 590 | _areham yahia doaa mohamed | ||
| 650 |
_915182 _aالفلسفة الحديثة _2BUEsh |
||
| 651 | _2BUEsh | ||
| 653 |
_cAugust2015 _bARALIT |
||
| 942 |
_2ddc _cBB _k190 ا ح م |
||
| 999 |
_c15817 _d15817 |
||